Ochrana spotřebitele v ČSFR.

Ochrana spotrebiteľa je integrovanou súčasťou štátnej politiky štátov s trhovou ekonomikou. Z celosvetového hľadiska sú ciele a náplň systému ochrany spotrebiteľa vymedzené príslušnými normatívnymi aktami OSN. Informácia o obsahu Smernice na ochranu spotrebiteľa prijatej Valným zhromaždením OSN v r....

Description complète

Enregistré dans:
Détails bibliographiques
Auteur principal: Straka, V.
Autres auteurs: Hruda, L.
Format: Chapitre de livre
Langue:tchèque
Sujets:
Tags: Ajouter un tag
Pas de tags, Soyez le premier à ajouter un tag!

MARC

LEADER 00000naa a2200000 4500
001 r006143
005 20221125080142.7
041 0 |a cze 
044 |a [CS] 
245 1 0 |a Ochrana spotřebitele v ČSFR.  |c V. Straka, L. Hruda 
520 |a Ochrana spotrebiteľa je integrovanou súčasťou štátnej politiky štátov s trhovou ekonomikou. Z celosvetového hľadiska sú ciele a náplň systému ochrany spotrebiteľa vymedzené príslušnými normatívnymi aktami OSN. Informácia o obsahu Smernice na ochranu spotrebiteľa prijatej Valným zhromaždením OSN v r. 1985. Vymedzenie systému ochrany spotrebiteľa. Charakteristika stavu ochrany spotrebiteľa a jej kodifikácie v ČSFR. 
610 2 0 |a ochrana spotrebiteľa 
610 2 0 |a smernice 
610 2 0 |a OSN 
610 2 0 |a ČSFR 
100 1 |a Straka, V. 
700 1 |a Hruda, L.